Best CS:GO teams - Statistics

General Stats
  • This quiz has been taken 218 times
  • The average score is 9 of 15
Answer Stats
Hint Answer % Correct
Danish Astralis
97%
Swedish fnatic
82%
American Liquid
81%
French G2
79%
Russian & Ukrainian Natus Vincere
78%
French Vitality
77%
Mix FaZe
76%
Swedish NiP
75%
Finnish ENCE
74%
Brazilian MIBR
68%
Australian Renegades
58%
Danish North
38%
Bulgarian Windigo
21%
Mix NRG
13%
Mix Avangar
7%
No matching quizzes found
Score Distribution
Percent of People with Each Score
Percentile by Number Answered
Your Score History
You have not taken this quiz